000 00519nam a22002057a 4500
003 SEM
005 20250703120044.0
008 250702| ||||gr||||||01|0|eng|d
020 _a978-1-7356086-3-1
040 _aSEM
_cSEM
041 _aeng
080 _a809.245(075)/L-94
100 _aLovik, C. J.
245 _aHebrew word pictures and numbers /
_cC. J. Lovik
260 _as. l. :
_bs.n.,
_cs.a.
300 _a257 p.+ 32 card ;
_bill. ;
_c28 cm
650 _aHebrew
653 _aՍԷՄ
942 _2udc
_cBK
_n0
999 _c76697
_d76697